Comuni del Lazio - Statistics

Statistiche generali
  • Questo quiz è stato fatto 32 volte
  • Il punteggio medio è 73 su 378
Statistiche sulle risposte
Provincia Comune % Corretto
Frosinone
85%
Roma
85%
Fiumicino
77%
Latina
77%
Rieti
77%
Viterbo
77%
Pomezia
62%
Anzio
58%
Gaeta
58%
Tivoli
58%
Amatrice
54%
Anagni
54%
Latina Aprilia
54%
Cassino
54%
Ciampino
54%
Frascati
54%
Ladispoli
54%
Marino
54%
Nettuno
54%
Orte
54%
Sabaudia
54%
Bolsena
50%
Civitavecchia
50%
Ferentino
50%
Formia
50%
Sora
50%
Tarquinia
50%
Velletri
50%
Alatri
46%
Cisterna di Latina
46%
Fiuggi
46%
Monterotondo
46%
Sperlonga
46%
Albano Laziale
42%
Ardea
42%
Ariccia
42%
Cerveteri
42%
Colleferro
42%
Fiano Romano
42%
Minturno
42%
Montalto di Castro
42%
Santa Marinella
42%
Sutri
42%
Terracina
42%
Valmontone
42%
Bomarzo
38%
Ceprano
38%
Grottaferrata
38%
Guidonia Montecelio
38%
Itri
38%
Montefiascone
38%
Nemi
38%
Pontinia
38%
Ponza
38%
Tuscania
38%
Vetralla
38%
Zagarolo
38%
Viterbo Acquapendente
35%
Arce
35%
Bagnoregio
35%
Capranica
35%
Castel Gandolfo
35%
Ceccano
35%
Cori
35%
Fondi
35%
Isola del Liri
35%
Norma
35%
Palestrina
35%
Priverno
35%
Roccasecca
35%
Ronciglione
35%
San Cesareo
35%
Sezze
35%
Tolfa
35%
Bracciano
31%
Capena
31%
Formello
31%
Genzano di Roma
31%
Lanuvio
31%
Marta
31%
Monte San Biagio
31%
Segni
31%
Subiaco
31%
Rieti Accumoli
27%
Anguillara Sabazia
27%
Blera
27%
Capodimonte
27%
Leonessa
27%
Manziana
27%
Mentana
27%
Monte Porzio Catone
27%
Morlupo
27%
Nepi
27%
Paliano
27%
Poggio Mirteto
27%
Pontecorvo
27%
Riano
27%
Rocca di Papa
27%
Sacrofano
27%
San Felice Circeo
27%
Sermoneta
27%
Soriano nel Cimino
27%
Supino
27%
Vitorchiano
27%
Canale Monterano
23%
Carpineto Romano
23%
Filettino
23%
Genazzano
23%
Monte Compatri
23%
Montelibretti
23%
Nerola
23%
Oriolo Romano
23%
Pastena
23%
Patrica
23%
Ripi
23%
Rocca Priora
23%
Sonnino
23%
Trevignano Romano
23%
Valentano
23%
Vallerano
23%
Ventotene
23%
Vignanello
23%
Frosinone Acquafondata
19%
Rieti Antrodoco
19%
Arlena di Castro
19%
Arsoli
19%
Atina
19%
Barbarano Romano
19%
Bassano Romano
19%
Broccostella
19%
Caprarola
19%
Castelforte
19%
Castel Madama
19%
Castro dei Volsci
19%
Cellere
19%
Cittaducale
19%
Civita Castellana
19%
Colonna
19%
Farnese
19%
Fonte Nuova
19%
Greccio
19%
Grotte di Castro
19%
Maenza
19%
Mandela
19%
Monte Romano
19%
Monterosi
19%
Onano
19%
Pofi
19%
Poggio Bustone
19%
Roccagorga
19%
San Vittore del Lazio
19%
Sgurgola
19%
Strangolagalli
19%
Tessennano
19%
Torrice
19%
Vallerotonda
19%
Vicovaro
19%
Acuto
15%
Allumiere
15%
Alvito
15%
Amaseno
15%
Arpino
15%
Artena
15%
Ausonia
15%
Bassiano
15%
Calcata
15%
Campagnano di Roma
15%
Canepina
15%
Canino
15%
Cantalice
15%
Castel Sant'Elia
15%
Cave
15%
Celleno
15%
Contigliano
15%
Esperia
15%
Faleria
15%
Fontana Liri
15%
Fumone
15%
Gallese
15%
Gradoli
15%
Ischia di Castro
15%
Labico
15%
Roma Lariano
15%
Latera
15%
Morolo
15%
Piansano
15%
Pico
15%
Poli
15%
Posta
15%
Proceno
15%
Rocca d'Arce
15%
Roviano
15%
San Lorenzo Nuovo
15%
Trevi nel Lazio
15%
Viticuso
15%
Roma Affile
12%
Aquino
12%
Arcinazzo Romano
12%
Arnara
12%
Ascrea
12%
Bassano in Teverina
12%
Borgorose
12%
Boville Ernica
12%
Castrocielo
12%
Cittareale
12%
Colfelice
12%
Fabrica di Roma
12%
Falvaterra
12%
Forano
12%
Gallicano nel Lazio
12%
Gavignano
12%
Lenola
12%
Marano Equo
12%
Marcellina
12%
Mazzano Romano
12%
Montebuono
12%
Montelanico
12%
Monte San Giovanni Campano
12%
Moricone
12%
Palombara Sabina
12%
Percile
12%
Pescorocchiano
12%
Piglio
12%
Poggio Catino
12%
Poggio San Lorenzo
12%
Prossedi
12%
Rignano Flaminio
12%
Rocca di Cave
12%
Rocca Massima
12%
Rocca Sinibalda
12%
Roiate
12%
San Donato Val di Comino
12%
San Giorgio a Liri
12%
Sant'Andrea del Garigliano
12%
Sant'Apollinare
12%
Santi Cosma e Damiano
12%
Santopadre
12%
Sant'Oreste
12%
Selci
12%
Torre Cajetani
12%
Torricella in Sabina
12%
Vallemaio
12%
Vasanello
12%
Vejano
12%
Villa Santo Stefano
12%
Vivaro Romano
12%
Bellegra
8%
Belmonte Castello
8%
Belmonte in Sabina
8%
Borbona
8%
Borgo Velino
8%
Campoli Appennino
8%
Cantalupo In Sabina
8%
Casalattico
8%
Casalvieri
8%
Casape
8%
Casaprota
8%
Casperia
8%
Castelliri
8%
Castel Sant'Angelo
8%
Castiglione in Teverina
8%
Cervaro
8%
Cineto Romano
8%
Colle San Magno
8%
Collevecchio
8%
Concerviano
8%
Configni
8%
Corchiano
8%
Coreno Ausonio
8%
Cottanello
8%
Fara in Sabina
8%
Frasso Sabino
8%
Gallinaro
8%
Giuliano di Roma
8%
Guarcino
8%
Jenne
8%
Labro
8%
Longone Sabino
8%
Lubriano
8%
Magliano Romano
8%
Magliano Sabino
8%
Marcetelli
8%
Montasola
8%
Monteleone Sabino
8%
Montenero Sabino
8%
Montopoli di Sabina
8%
Montorio Romano
8%
Morro Reatino
8%
Nazzano
8%
Nespolo
8%
Olevano Romano
8%
Petrella Salto
8%
Pignataro Interamna
8%
Poggio Moiano
8%
Poggio Nativo
8%
Posta Fibreno
8%
Pozzaglia Sabina
8%
Rivodutri
8%
Roccantica
8%
Roccasecca dei Volsci
8%
Salisano
8%
Sambuci
8%
San Biagio Saracinisco
8%
San Giovanni Incarico
8%
San Polo dei Cavalieri
8%
Sant'Ambrogio del Garigliano
8%
Sant'Angelo Romano
8%
Sant'Elia Fiumerapido
8%
Settefrati
8%
Spigno Saturnia
8%
Stimigliano
8%
Terelle
8%
Torri in Sabina
8%
Torrita Tiberina
8%
Vacone
8%
Vallecorsa
8%
Vallepietra
8%
Varco Sabino
8%
Veroli
8%
Vicalvi
8%
Vico nel Lazio
8%
Villa Latina
8%
Villa San Giovanni in Tuscia
8%
Villa Santa Lucia
8%
Agosta
4%
Camerata Nuova
4%
Canterano
4%
Carbognano
4%
Castel di Tora
4%
Castel San Pietro Romano
4%
Cerreto Laziale
4%
Cervara di Roma
4%
Ciciliano
4%
Civitella d'Agliano
4%
Civitella San Paolo
4%
Collalto Sabino
4%
Colle di Tora
4%
Collegiove
4%
Colli sul Velino
4%
Fiamignano
4%
Filacciano
4%
Fontechiari
4%
Gerano
4%
Gorga
4%
Graffignano
4%
Licenza
4%
Micigliano
4%
Mompeo
4%
Monteflavio
4%
Monte San Giovanni in Sabina
4%
Paganico Sabino
4%
Pescosolido
4%
Picinisco
4%
Piedimonte San Germano
4%
Pisoniano
4%
Ponzano Romano
4%
Riofreddo
4%
Rocca Canterano
4%
Roccagiovine
4%
Rocca Santo Stefano
4%
San Gregorio da Sassola
4%
San Vito Romano
4%
Saracinesco
4%
Scandiglia
4%
Tarano
4%
Toffia
4%
Trivigliano
4%
Vallinfreda
4%
Anticoli CCorrado
0%
Campodimerle
0%
Caprinica Prenestina
0%
Castelnuovo di Farla
0%
Castelnuovo fi Porto
0%
Castelnuovo Parano
0%
Collepardo
0%
Orivinio
0%
Serrone
0%
Tirania
0%
Nessun quiz corrispondente trovato
Distribuzione punteggi
Percentuale di utenti per punteggio
Percentile per numero di risposta
I tuoi punteggi nel tempo
Non hai fatto questo quiz